Basic linguistic theory / (رقم التسجيلة. 26408)

تفاصيل مارك
000 -الفاتح
حقل البيانات ثابتة الطول 01523cam a2200445 a 4500
001 - رقم الضبط
رقم الضبط 16056499
003 - محدد رقم الضبط
رقم الضبط OSt
005 - وقت وتاريخ اخر تعامل مع التسجيلة
رقم الضبط 20150408114103.0
008 - عناصر البيانات ثابتة الطول - معلومات عامة
حقل البيانات ثابتة الطول 100115s2010 enka b 001 0 eng d
010 ## - رقم ضبط مكتبة الكونجرس
رقم ضبط مكتبة الكونجرس 2010290425
015 ## - رقم الببليوجرافية الوطنية
رقم الببليوجرافية الوطنية GBA956196
المصدر bnb
020 ## - الرقم الدولى المعيارى للكتب
الرقم الدولى المعيارى للكتاب 9780199571055 (v. 1 )
020 ## - الرقم الدولى المعيارى للكتب
الرقم الدولى المعيارى للكتاب 0199571058 (v. 1 )
020 ## - الرقم الدولى المعيارى للكتب
الرقم الدولى المعيارى للكتاب 9780199571062 (v. 1 : pbk.)
020 ## - الرقم الدولى المعيارى للكتب
الرقم الدولى المعيارى للكتاب 0199571066 (v. 1 : pbk.)
020 ## - الرقم الدولى المعيارى للكتب
الرقم الدولى المعيارى للكتاب 9780199571079 (v. 2 )
020 ## - الرقم الدولى المعيارى للكتب
الرقم الدولى المعيارى للكتاب 0199571074 (v. 2 )
020 ## - الرقم الدولى المعيارى للكتب
الرقم الدولى المعيارى للكتاب 9780199571086 (v. 2 : pbk.)
020 ## - الرقم الدولى المعيارى للكتب
الرقم الدولى المعيارى للكتاب 0199571082 (v. 2 : pbk.)
020 ## - الرقم الدولى المعيارى للكتب
الرقم الدولى المعيارى للكتاب 9780199571093 (v. 3)
035 ## - رقم ضبط النظام
رقم ضبط النظام (OCoLC)ocn461245121
040 ## - مصدر الفهرسة
وكالة الفهرسة الأصلية EQO
وكالة النسخ EQO
وكالة التعديل SUC
-- DLC
042 ## - رمز التحقق
رمز التحقق lccopycat
050 00 - رقم طلب مكتبة الكونجرس
رقم التصنيف P121
رقم المادة .D496 2010
082 04 - رقم تصنيف ديوى العشرى
رقم التصنيف 410
رقم الطبعة 22
رقم المادة DRB
100 1# - المدخل الرئيسى - إسم شخصى
الإسم الشخصى Dixon, Robert M. W.
9 (RLIN) 8077
245 10 - بيان العنوان
العنوان Basic linguistic theory /
بيان المسئوليه,etc R.M.W. Dixon.
260 ## - PUBLICATION, DISTRIBUTION, ETC. (IMPRINT)
مكان الناشر او الموزع Oxford ;
-- New York :
اسم الناشر او الموزع Oxford University Press,
تاريخ النشر أو التوزيع 2010.
300 ## - الوصف المادى
التعداد 3 v. :
تفاصيل ماديه اخرى للوعاء ill. ;
أبعاد الوعاء 25 cm.
504 ## - تبصرة ببليوجرافية
تبصرة ببليوجرافية,الخ Includes bibliographical references and indexes.
505 0# - تبصرة محتويات-الفهرس
تبصرة المحتويات المصاغة v. 1. Methodology -- v. 2. Grammatical topics -- v. 3. Further grammatical topics.
650 #0 - المدخل الاضافى بالموضوع-مصطلح موضوعى
مصطلح موضوعي أو اسم جغرافي كعنصر مدخل Linguistics.
650 #0 - المدخل الاضافى بالموضوع-مصطلح موضوعى
مصطلح موضوعي أو اسم جغرافي كعنصر مدخل Linguistics
التقسيم الفرعي العام Research
-- Methodology.
9 (RLIN) 18245
650 #0 - المدخل الاضافى بالموضوع-مصطلح موضوعى
مصطلح موضوعي أو اسم جغرافي كعنصر مدخل Grammar, Comparative and general.
906 ## - عنصر بيانات محلى F, LDF (RLIN)
a 7
b cbc
c copycat
d 2
e ncip
f 20
g y-gencatlg
942 ## - عناصر المدخل الإضافي( كوها)
مصدر التصنيف او مخطط الترفيف Dewey Decimal Classification
Koha [default] item type DVD
المقتنيات
حالة الفقد نموذج السعر الفعال حالة تلف ليس للاعارة رقم الطلب تاريخ الاكتساب الموقع الحالي الباركود الفرع الرئيسي Date last seen نوع المادة فى نظام كوها مصدر التصنيف او خطة الترفيف Total Checkouts Date last checked out مُعار
  2013-03-10     410 DRB 2012-12-17 المكتبة المركزية بالمجمعة (CL) 00400779 المكتبة المركزية بالمجمعة (CL) 2013-03-10 كتاب Dewey Decimal Classification      
  2013-03-10     410 DRB 2012-12-17 المكتبة المركزية بالمجمعة (CL) 00400778 المكتبة المركزية بالمجمعة (CL) 2013-03-10 كتاب Dewey Decimal Classification      
  2013-03-10     410 DRB 2012-12-26 المكتبة المركزية بالمجمعة (CL) 00400777 المكتبة المركزية بالمجمعة (CL) 2013-03-10 كتاب Dewey Decimal Classification      
  2013-03-10     410 DRB 2012-12-26 المكتبة المركزية بالمجمعة (CL) 00400789 المكتبة المركزية بالمجمعة (CL) 2013-03-10 كتاب Dewey Decimal Classification      
  2013-03-10     410 DRB 2012-12-26 المكتبة المركزية بالمجمعة (CL) 00400790 المكتبة المركزية بالمجمعة (CL) 2013-03-10 كتاب Dewey Decimal Classification      
  2013-03-10     410 DRB 2012-12-26 المكتبة المركزية بالمجمعة (CL) 00400791 المكتبة المركزية بالمجمعة (CL) 2013-04-20 كتاب Dewey Decimal Classification 1 2013-04-20 2013-06-19